| 000 | 01198nac a22003497a 4500 | ||
|---|---|---|---|
| 001 | BR8707485 | ||
| 003 | BR-BrBNA | ||
| 005 | 20240105120632.0 | ||
| 008 | 230509b bl.|||m| |||| 00| 0 por d | ||
| 040 |
_aBR-BrBNA _bpor _cBiblioteca Nacional de Agricultura |
||
| 072 | _aL72 | ||
| 090 | _a5212 BR8707485 | ||
| 100 | 1 | _aPaiva, M. das G. de S. | |
| 100 | 1 | _aPimentel, D.M. | |
| 100 | 1 | _aMontenegro, A.J.D. | |
| 100 | 1 | _aMoutinho, H.C. | |
| 110 | 1 |
_aUnidade de Execucao de Pesquisa de Ambito Territorial de Macapa, AP (Brasil) _910392 |
|
| 245 | 1 | _aOcorrencia de parasitos gastrintestinais nos rebanhos bovino e bubalino do Amapa | |
| 246 | 1 | _a[Occurence of parasites on bovines and water buffaloes in Amapa] | |
| 260 | 3 |
_aMacapa, AP (Brasil): _c1986. |
|
| 300 | _a13 p. | ||
| 490 |
_aBoletim de Pesquisa - Unidade de Execucao de Pesquisa de Ambito Territorial de Macapa (Brazil) _vno. 5 _xISSN 0102-0870 |
||
| 500 | _aSummaries (En, Pt); 4 ref. | ||
| 650 | _aBOVINO | ||
| 650 | _aBUFALO | ||
| 650 | _aPARASITO DE ANIMAL | ||
| 650 | _aVERMINOSE | ||
| 650 | _aNEMATOIDE | ||
| 650 | _aPROTOZOARIO | ||
| 909 |
_a202312 _bLúcia Elande _c55 _dLúcia Elande |
||
| 942 |
_2AGRIS _n0 _cMS |
||
| 999 |
_c280590 _d280590 |
||